00337nam a22001097a 4500008004100000020001500041082001700056100003400073245007800107260003400185300000800219230623b xxu||||| |||| 00| 0 eng d a9810490771 a328.959bSIN cParliament of Singapored2003 aParliamentary GlossarybA Guide to terms used in the Singapore Parliament bParliament of Singaporec2003 a46p